000
00313nam a22001337a 4500
008
181029b xxu||||| |||| 00| 0 eng d
020
_a
9780735609259
041
_a
eng
080
_a
004
100
_a
28
101
_a
SHK
245
_a
MFC Development Using Microsoft Visual C++60
_c
Wilkins,S
942
_2
udc
_c
BK
999
_c
51019
_d
51019